00598nam a2200193Ia 4500008004100000020001800041082000800059100002500067245007500092250000600167260003300173300001600206500002400222650001600246700002800262942000700290952009000297999001700387230524s9999 xx 000 0 und d a9788126549269 bMAR aGerard Maral 942728 0a"Satellite Communication Systems : Systems, Techniques and Technology" a1 aNew DelhibWiley Indiac2014 a"XIV,697p;" aQuantity Number: 1 aElectronics a Michel Bousquet942729 cBK 00104070aTATCLbTATCLcGENd2023-05-24l0o MARp54076r2023-05-24w2023-05-24yBK c57712d57712